| 000 | 06396cam a22019214i 4500 | ||
|---|---|---|---|
| 003 | PE-LiUPU | ||
| 005 | 20250813165822.0 | ||
| 008 | 150706s2009 pe a r 00i 0 d | ||
| 020 | _a6124011131 | ||
| 020 | _a9786124011139 | ||
| 035 | _a(Sirsi) i9786124077139 | ||
| 040 |
_aPE-LiUPU _bspa _cPE-LiUPU _erda |
||
| 049 | _aPRUA | ||
| 082 | 0 | 4 |
_a665.5307 _bO66 _221 |
| 082 | 0 | 4 |
_a668.71 _bB25 2009 _221 |
| 100 | 1 |
_aBarrios Mendoza, Teresa Oriele, _eautor. |
|
| 245 | 1 | 0 |
_aPredicción de las variables dinámicas de control de una columna de destilación atmosférica de nafta y diesel / _cTeresa Oriele Barrios Mendoza y Pedro Cordova Mendoza. |
| 264 | 1 |
_aLima : _bAsamblea Nacional de Rectores, _c2009. |
|
| 300 |
_a129 páginas : _bilustraciones ; _c24 cm. |
||
| 336 |
_atext _2rdacontent |
||
| 337 |
_aunmediated _2rdamedia |
||
| 338 |
_avolume _2rdacarrier |
||
| 504 | _aIncluye bibliografía. | ||
| 505 | 0 | _aPlanteamiento del problema -- Situación problemática -- Formulación del problema -- Objetivos -- Justificación -- Antecedentes -- Bases teóricas -- Marco conceptual -- Hipótesis y variables -- Estrategia metodológica -- Población y muestra -- Técnicas e instrumentos -- Estrategia metodológica -- Fundamento teórico -- Fundamento -- Descripción conceptual de la destilación -- Descripción de los submodelos de la columna de destilación -- Balances de materia dinámica de una columna de destilación atmosférica -- Modelamiento dinámica de una columna de destilación -- Teoría de control moderna -- Función de transferencia -- Respuesta temporal de control dinámico -- Simulación de las variables de estado dinámico de control vs. tiempo -- De la metodología -- Especificaciones del sistema -- Sistema de gestión de laboratorio -- Análisis de nafta -- Análisis de diesel -- Análisis de agua y medio ambiente -- Análisis de los fondos de la debutanizadora -- Análisis de los topes de la topping -- Análisis de los fondos de la topping -- Resultados, análisis y discusión. | |
| 526 | _aP203 | ||
| 526 | _aP200 | ||
| 526 | _aSEG65 | ||
| 526 | _aSEG64 | ||
| 526 | _aSEG63 | ||
| 526 | _aSEG62 | ||
| 526 | _aSEG61 | ||
| 526 | _aSEG60 | ||
| 526 | _aSEG59 | ||
| 526 | _aSEG58 | ||
| 526 | _aSEG57 | ||
| 526 | _aSEG56 | ||
| 526 | _aSEG55 | ||
| 526 | _aSEG54 | ||
| 526 | _aSEG53 | ||
| 526 | _aSEG52 | ||
| 526 | _aSEG51 | ||
| 526 | _aSEG50 | ||
| 526 | _aSEG49 | ||
| 526 | _aSEG48 | ||
| 526 | _aSEG47 | ||
| 526 | _aSEG46 | ||
| 526 | _aSEG24 | ||
| 526 | _aSEG23 | ||
| 526 | _aSEG22 | ||
| 526 | _aSEG21 | ||
| 526 | _aSEG20 | ||
| 526 | _aSEG19 | ||
| 526 | _aSEG18 | ||
| 526 | _aSEG17 | ||
| 526 | _aSEG16 | ||
| 526 | _aSEG14 | ||
| 526 | _aSEG13 | ||
| 526 | _aSEG12 | ||
| 526 | _aSEG11 | ||
| 526 | _aSEG10 | ||
| 526 | _aSEG09 | ||
| 526 | _aSEG06 | ||
| 526 | _aSEG05 | ||
| 526 | _aSEG04 | ||
| 526 | _aSEG03 | ||
| 526 | _aSEG02 | ||
| 526 | _aSEG68 | ||
| 526 | _aSEG66 | ||
| 526 | _aSEG45 | ||
| 526 | _aSEG25 | ||
| 526 | _aSEG01 | ||
| 526 | _aP163 | ||
| 526 | _aP162 | ||
| 526 | _aP161 | ||
| 526 | _aP160 | ||
| 526 | _aP159 | ||
| 526 | _aP158 | ||
| 526 | _aP157 | ||
| 526 | _aP156 | ||
| 526 | _aP155 | ||
| 526 | _aP154 | ||
| 526 | _aP153 | ||
| 526 | _aP152 | ||
| 526 | _aP151 | ||
| 526 | _aP150 | ||
| 526 | _aP149 | ||
| 526 | _aP142 | ||
| 526 | _aP141 | ||
| 526 | _aP140 | ||
| 526 | _aP139 | ||
| 526 | _aP138 | ||
| 526 | _aP137 | ||
| 526 | _aP132 | ||
| 526 | _aP131 | ||
| 526 | _aP130 | ||
| 526 | _aP126 | ||
| 526 | _aP125 | ||
| 526 | _aP124 | ||
| 526 | _aP123 | ||
| 526 | _aP115 | ||
| 526 | _aP122 | ||
| 526 | _aP121 | ||
| 526 | _aP116 | ||
| 526 | _a P114 | ||
| 526 | _aP112 | ||
| 526 | _aP111 | ||
| 526 | _aP104 | ||
| 526 | _aP103 | ||
| 526 | _aP102 | ||
| 526 | _aP101 | ||
| 526 | _aP100 | ||
| 526 | _aP96 | ||
| 526 | _aP95 | ||
| 526 | _aP93 | ||
| 526 | _aP92 | ||
| 526 | _aP91 | ||
| 526 | _aP88 | ||
| 526 | _aP83 | ||
| 526 | _aP82 | ||
| 526 | _aP79 | ||
| 526 | _aP78 | ||
| 526 | _aP75 | ||
| 526 | _aP74 | ||
| 526 | _aP71 | ||
| 526 | _aP69 | ||
| 526 | _a P51 | ||
| 526 | _aP49 | ||
| 526 | _aP48 | ||
| 526 | _aP47 | ||
| 526 | _aP33 | ||
| 526 | _aP31 | ||
| 526 | _a P30 | ||
| 526 | _aP29 | ||
| 526 | _aP27 | ||
| 526 | _aP26 | ||
| 526 | _aP25 | ||
| 526 | _aP24 | ||
| 526 | _a P22 | ||
| 526 | _aP10 | ||
| 526 | _aP09 | ||
| 526 | _a P08 | ||
| 526 | _aP06 | ||
| 526 | _aP05 | ||
| 526 | _aP04 | ||
| 526 | _aP01 | ||
| 650 | 0 | 4 |
_aRefino del petróleo _vtesis. |
| 910 |
_bjv _clch _d20110412 |
||
| 910 |
_atqv _crmch _d20170725 |
||
| 942 |
_2ddc _cBOOK |
||
| 949 |
_a665.5307 O66 _wDEWEY _c1 _i62752 _lCCODEBUL1 _mBUL _p13.00 _r0 _sY _tBOOK _u2015-7-6 _xBIBLIOTECA _zUNKNOWN _o.STAFF. Colección General |
||
| 949 |
_a665.5307 O66 _wDEWEY _c2 _i62751 _lCCODEBUL1 _mBUL _p13.00 _r0 _sY _tBOOK _u2015-7-6 _xBIBLIOTECA _zUNKNOWN _o.STAFF. Colección General |
||
| 949 |
_a668.71 B25 2009 _wDEWEY _c1 _iFJ08159 _lCCODEBUJ1 _mBUJ _p13.00 _r0 _sY _tBOOK _u2017-7-25 _xINGENIERIA _PP26 _o.STAFF. Colección General Juliaca |
||
| 949 |
_a668.71 B25 2009 _wDEWEY _c2 _iFJ09844 _lCCODEBUJ1 _mBUJ _p13.00 _r0 _sY _tBOOK _u2017-12-29 _xINGENIERIA _PP26 _o.STAFF. Colección General Juliaca |
||
| 994 |
_aC0 _bPEPRU |
||
| 596 | _a1 3 | ||
| 999 |
_a665.5307 O66 _wDEWEY _c51816 _i62752 _f2021-11-5 _g7 _lCCODEBUL1 _mBUL _p13.00 _r0 _sY _tBOOK _u2015-7-6 _xBIBLIOTECA _zUNKNOWN _0COMPRA _o.STAFF. Colección Ingeniería y Arquitectura _d51816 |
||
| 999 |
_a665.5307 O66 _wDEWEY _c2 _i62751 _f2021-11-5 _g7 _lCCODEBUL1 _mBUL _p13.00 _r0 _sY _tBOOK _u2015-7-6 _xBIBLIOTECA _zUNKNOWN _0COMPRA _o.STAFF. Colección Ingeniería y Arquitectura |
||
| 999 |
_a668.7 B25 2009 _wDEWEY _c1 _iFJ08159 _f2017-12-28 _g1 _lCCODEBUJ1 _mBUJ _p13.00 _r0 _sY _tBOOK _u2017-7-24 _xINGENIERIA _PP25 _0COMPRA _o.STAFF. Colección General Juliaca |
||
| 999 |
_a668.7 B25 2009 _wDEWEY _c2 _iFJ09844 _d2018-6-19 _f2022-2-1 _g4 _lCCODEBUJ1 _mBUJ _p13.00 _q1 _r0 _sY _tBOOK _u2017-12-29 _xINGENIERIA _PP26 _0COMPRA _o.STAFF. Colección General Juliaca |
||
| 980 |
_81 _gALBERTO SANCHEZ Responsable de Automatización |
||